| 000 | 00405nam a2200169Ia 4500 | ||
|---|---|---|---|
| 008 | 230524s9999 xx 000 0 und d | ||
| 020 | _a9781472238580 | ||
| 082 | _bRUT | ||
| 100 |
_aAlex Ruthereford _941780 |
||
| 245 | 0 | _aEmpire of the Moghul | |
| 250 | _a1 | ||
| 260 |
_aLondon _bHeadline _c2015 |
||
| 300 | _a362p; | ||
| 500 | _aQuantity Number: 1 | ||
| 650 |
_aMisalliance _941781 |
||
| 942 | _cBK | ||
| 999 |
_c56213 _d56213 |
||